Words on US Coins Quiz Stats

 Plays Quiz Updated Sep 25, 2015

Challenge
Share
Tweet
Embed
Score 0/57 Timer 02:00
1 Play Today
% Correct
GOD
94.7%
GOD
94.7%
GOD
94.7%
GOD
94.7%
IN
94.7%
IN
94.7%
WE
94.7%
WE
94.7%
IN
94.7%
WE
94.7%
IN
94.7%
WE
94.7%
TRUST
93.9%
TRUST
93.9%
TRUST
93.9%
TRUST
93.9%
UNITED
84.3%
UNITED
84.3%
UNITED
84.3%
UNITED
84.3%
STATES
83.9%
STATES
83.9%
STATES
83.9%
STATES
83.9%
AMERICA
83.1%
AMERICA
83.1%
AMERICA
83.1%
AMERICA
83.1%
OF
81.5%
% Correct
OF
81.5%
OF
81.5%
OF
81.5%
E
75.1%
E
75.1%
E
75.1%
E
75.1%
CENT
73.7%
ONE
73.4%
ONE
73.4%
UNUM
68%
UNUM
68%
UNUM
68%
UNUM
68%
FIVE
67.1%
PLURIBUS
65.1%
PLURIBUS
65.1%
PLURIBUS
65.1%
PLURIBUS
65.1%
QUARTER
62.2%
CENTS
60.1%
DIME
55.4%
DOLLAR
51.4%
LIBERTY
40.2%
LIBERTY
40.2%
LIBERTY
40.2%
LIBERTY
40.2%
MONTICELLO
15.3%

You're not logged in!

Compare scores with friends on all Sporcle quizzes.
Join for Free
OR
Log In

You Might Also Like...

Show Comments

Extras

Top Quizzes Today


Score Distribution

Your Account Isn't Verified!

In order to create a playlist on Sporcle, you need to verify the email address you used during registration. Go to your Sporcle Settings to finish the process.

Report this User

Report this user for behavior that violates our Community Guidelines.

Details: